<?xml version="1.0" encoding="UTF-8"?>
<record
    xmlns:xsi="http://www.w3.org/2001/XMLSchema-instance"
    xsi:schemaLocation="http://www.loc.gov/MARC21/slim http://www.loc.gov/standards/marcxml/schema/MARC21slim.xsd"
    xmlns="http://www.loc.gov/MARC21/slim">

  <leader>02027nam a2200241Ia 4500</leader>
  <controlfield tag="001">b5943-40829 </controlfield>
  <controlfield tag="003">IT-MiCISF</controlfield>
  <controlfield tag="005">20260220143742.0</controlfield>
  <controlfield tag="008">161014s9999||||xx |||||||||||||| ||und||</controlfield>
  <datafield tag="040" ind1=" " ind2=" ">
    <subfield code="a">IT-MiCISF</subfield>
    <subfield code="c">IT-MiCISF</subfield>
  </datafield>
  <datafield tag="041" ind1=" " ind2=" ">
    <subfield code="a">it</subfield>
  </datafield>
  <datafield tag="100" ind1=" " ind2=" ">
    <subfield code="a">Boffi Pietro (a cura di)</subfield>
    <subfield code="9">59835</subfield>
  </datafield>
  <datafield tag="245" ind1=" " ind2="0">
    <subfield code="a">La pastorale familiare in Italia.</subfield>
    <subfield code="b">Una ricerca nazionale a dieci anni dal Direttorio di pastorale familiare</subfield>
  </datafield>
  <datafield tag="260" ind1=" " ind2=" ">
    <subfield code="a">Cinisello B. (MI),</subfield>
    <subfield code="b">San Paolo,</subfield>
    <subfield code="c">2005</subfield>
  </datafield>
  <datafield tag="300" ind1=" " ind2=" ">
    <subfield code="a">pp. 255</subfield>
  </datafield>
  <datafield tag="500" ind1=" " ind2=" ">
    <subfield code="a">/ pastorale-familiare, chiesa-locale, preparazione-al-matrimonio, spiritualit&#xE0;-coniugale, spiritualit&#xE0;-familiare, operatori-pastorali, formazione, esperienze /</subfield>
  </datafield>
  <datafield tag="520" ind1=" " ind2=" ">
    <subfield code="a"> La ricerca presentata e commentata in questo volume &#xE8; stata condotta nel 2003 dal CISF per conto dell'Ufficio Nazionale per la pastorale della famiglia della Conferenza Episcopale Italiana. Sono state interpellate, attraverso un corposo questionario, contenente oltre un centinaio di domande, tutte le diocesi italiane, e precisamente gli Uffici Diocesani per la famiglia, per fare il punto sulla situazione della pastorale familiare a dieci anni dalla pubblicazione del "Direttorio di pastorale familiare". Ben 172 diocesi (rappresentati ben l'88% della popolazione italiana) hanno risposto all'indagine, consentendo quindi di disporre di un campione assolutamente affidabile e rappresentativo quale non si &#xE8; mai verificato in Italia. I risultati della ricerca da un lato rivelano la ricchezza del cammino che le Chiese italiane hanno compiuto nello scorso decennio nell'attenzione alla famiglia, dall'altro sono motivo di riflessione, valutazione e apertura di nuove prospettive, ben delineate nelle pagine del volume. </subfield>
  </datafield>
  <datafield tag="650" ind1=" " ind2=" ">
    <subfield code="a">Pastorale-familiare</subfield>
  </datafield>
  <datafield tag="654" ind1=" " ind2=" ">
    <subfield code="a">rapporto</subfield>
  </datafield>
  <datafield tag="700" ind1=" " ind2=" ">
    <subfield code="a">Cei, Ufficio nazionale per la pastorale della famiglia; Cisf, Centro internazionale studi famiglia. Boffi P., Campanini G., Caccia S., Moia L., Nicolli S., Spezzibottiani M., Tettamanzi P. </subfield>
    <subfield code="9">60552</subfield>
  </datafield>
  <datafield tag="942" ind1=" " ind2=" ">
    <subfield code="c">BK</subfield>
    <subfield code="2">ddc</subfield>
  </datafield>
  <datafield tag="999" ind1=" " ind2=" ">
    <subfield code="c">211148</subfield>
    <subfield code="d">211148</subfield>
  </datafield>
  <datafield tag="999" ind1=" " ind2=" ">
    <subfield code="b">si</subfield>
  </datafield>
  <datafield tag="952" ind1=" " ind2=" ">
    <subfield code="0">0</subfield>
    <subfield code="1">0</subfield>
    <subfield code="2">ddc</subfield>
    <subfield code="4">0</subfield>
    <subfield code="6">B_594340829</subfield>
    <subfield code="7">1</subfield>
    <subfield code="a">CISF</subfield>
    <subfield code="b">CISF</subfield>
    <subfield code="d">2016-10-14</subfield>
    <subfield code="l">0</subfield>
    <subfield code="o">B5943-40829 </subfield>
    <subfield code="r">2016-10-14 00:00:00</subfield>
    <subfield code="w">2016-10-14</subfield>
    <subfield code="y">BK</subfield>
    <subfield code="z">Data import 15.10.2016 / by Epidotti, Vaglietti</subfield>
  </datafield>
</record>
